Medieval panorama : the English scene from conquest to Reformation /

محفوظ في:

المؤلف الرئيسي: Coulton, G. G., 1858-1947 (مؤلف)

التنسيق: كتاب

اللغة: English

منشور في: New York : Meridian Books, 1955.

الموضوعات:

الوسوم: إضافة وسم

لا توجد وسوم, كن أول من يضع وسما على هذه التسجيلة!

رقم الطلب: DA175 .C86 1955

LEADER 00821nam a2200241I 4500
001 6270
003 OSt
005 20251208142608.0
008 130303s1955 nyua b 001 0 eng d
035 |a ocm00399088 
040 |c ARCE Library 
043 |a e-uk-en  |a e-nk--- 
050 4 |a DA175 .C86 1955 
100 1 |a Coulton, G. G.,   |q (George Gordon),   |d 1858-1947,   |e author 
245 1 0 |a Medieval panorama :   |b the English scene from conquest to Reformation /   |c by G.G. Coulton. 
264 1 |a New York :   |b Meridian Books,   |c 1955. 
300 |a xiv, 801 pages ;  |b illustrations ;   |c 21 cm. 
504 |a Includes bibliographical references and index. 
651 0 |a Great Britain   |x History   |y Medieval period, 1066-1485. 
651 0 |a Great Britain   |x Civilization   |y 1066-1485. 
901 |a reviewed 
942 |c BK  |2 lcc 
999 |c 4925  |d 4925